[Event "SR 3. liga A2 2013/2014"]
[Site "?"]
[Date "2014.01.11"]
[Round "6.4"]
[White "Klimes, Karel"]
[Black "Jakubec, Milan"]
[Result "0-1"]
[WhiteElo "1651"]
[BlackElo "2084"]
[PlyCount "86"]
[EventDate "2013.??.??"]

1. e4 e5 2. Nf3 Nc6 3. Bb5 a6 4. Ba4 Bc5 5. d3 b5 6. Bb3 Qf6 7. Nc3 Nge7 8. O-O
Nd4 9. Nxd4 exd4 10. Ne2 O-O 11. Bf4 d6 12. Qd2 h6 13. Bg3 Bb7 14. Qf4 Qxf4 15.
Nxf4 Kh7 16. f3 Bb6 17. a3 g5 18. Ne2 f5 19. Bf2 c5 20. exf5 Nxf5 21. Ng3 Ne3
22. Rfe1 d5 23. Bxe3 dxe3 24. Kf1 c4 25. Ba2 g4 26. Ke2 gxf3+ 27. gxf3 Rac8 28.
Rac1 Rf7 29. dxc4 bxc4 30. c3 d4 31. cxd4 Bxd4 32. Bb1+ Kh8 33. Nf5 Bxb2 34.
Nd6 Bxf3+ 35. Kxe3 Bxc1+ 36. Rxc1 Re7+ 37. Kxf3 Rf8+ 38. Kg4 Rg7+ 39. Kh4 Rf2
40. h3 Rf4+ 41. Kh5 Rg3 42. Bf5 Kg7 43. Rxc4 Rg5# 0-1

[Event "SR 3. liga A2 2013/2014"]
[Site "?"]
[Date "2014.01.11"]
[Round "6.4"]
[White "Hirmajer, Jan"]
[Black "Benak, Peter"]
[Result "1-0"]
[WhiteElo "1957"]
[BlackElo "1601"]
[PlyCount "57"]
[EventDate "2013.??.??"]

1. c4 c5 2. Nc3 Nc6 3. g3 g6 4. Bg2 Bg7 5. Nf3 Nf6 6. d4 cxd4 7. Nxd4 O-O 8.
O-O Qb6 9. e3 Nxd4 10. exd4 d6 11. b3 Bd7 12. Be3 Qc7 13. Rc1 Bc6 14. d5 Bd7
15. Bd4 Rfe8 16. Re1 a6 17. Qd3 e6 18. dxe6 Bxe6 19. Qf3 Bf5 20. Bxf6 Bxf6 21.
Nd5 Qd8 22. Nxf6+ Qxf6 23. g4 Re5 24. gxf5 Rae8 25. Rxe5 Rxe5 26. fxg6 Qxg6 27.
Qxb7 Re2 28. Qf3 Rxa2 29. Qg3 1-0

[Event "SR 3. liga A2 2013/2014"]
[Site "?"]
[Date "2014.01.11"]
[Round "6.4"]
[White "Pivacek, Jozef"]
[Black "Mackovic, Miroslav"]
[Result "1-0"]
[WhiteElo "1000"]
[BlackElo "1936"]
[PlyCount "61"]
[EventDate "2013.??.??"]

1. e4 c5 2. Nc3 Nc6 3. g3 g6 4. Bg2 Bg7 5. f4 d6 6. Nf3 e6 7. O-O Nge7 8. d3 a6
9. Rb1 O-O 10. g4 Rb8 11. Ne2 b5 12. Ng3 Qc7 13. h4 b4 14. h5 d5 15. e5 f6 16.
exf6 Bxf6 17. Qe1 e5 18. g5 Bg7 19. hxg6 hxg6 20. fxe5 Nxe5 21. Ne2 Nxf3+ 22.
Rxf3 Rxf3 23. Bxf3 Be5 24. Qh4 Nf5 25. Bxd5+ Kg7 26. Qf2 Ng3 27. Nxg3 Bxg3 28.
Qf6+ Kh7 29. Qf8 Bh2+ 30. Kh1 Bb7 31. Qh6# 1-0

[Event "SR 3. liga A2 2013/2014"]
[Site "?"]
[Date "2014.01.19"]
[Round "7.1"]
[White "Cibulka, Vladimir"]
[Black "Zarecky, Eduard"]
[Result "1-0"]
[WhiteElo "2238"]
[BlackElo "1903"]
[PlyCount "101"]
[EventDate "2013.??.??"]

1. d4 d5 2. Nf3 g6 3. Bf4 Bg7 4. e3 Nc6 5. c4 Nf6 6. Nc3 O-O 7. Be2 a6 8. O-O
dxc4 9. Bxc4 Nh5 10. Bg5 b5 11. Bd3 Bb7 12. Rc1 Rc8 13. a3 Qe8 14. Ne4 Nb8 15.
Nc5 Bxf3 16. Qxf3 c6 17. Rfd1 e5 18. g4 f5 19. gxh5 e4 20. Nxe4 fxe4 21. Qxe4
Qxe4 22. Bxe4 h6 23. Bf4 g5 24. Bxb8 Rxb8 25. Rxc6 a5 26. Rdc1 Rfd8 27. Ra6 a4
28. Rc7 Rdc8 29. Rxc8+ Rxc8 30. Ra8 Rxa8 31. Bxa8 Bf8 32. Bc6 b4 33. axb4 Bxb4
34. Bxa4 Kf7 35. h3 Ke6 36. f3 Bd2 37. Kf2 Bc1 38. b3 Kd5 39. Ke2 Ba3 40. Kd3
Bc1 41. e4+ Ke6 42. Kc4 Bf4 43. b4 Bc7 44. Bc6 Kd6 45. Bd5 Bb6 46. e5+ Kd7 47.
Kd3 Bd8 48. Ke4 Be7 49. b5 Bd8 50. Bc6+ Ke7 51. d5 1-0

[Event "SR 3. liga A2 2013/2014"]
[Site "?"]
[Date "2014.01.19"]
[Round "7.1"]
[White "Bango, Lukas"]
[Black "Ivan, Imrich"]
[Result "0-1"]
[WhiteElo "1781"]
[BlackElo "2071"]
[PlyCount "140"]
[EventDate "2013.??.??"]

1. c4 b6 2. Nf3 Nf6 3. g3 Bb7 4. Bg2 e6 5. O-O Be7 6. Nc3 O-O 7. d4 d5 8. Ne5
Nbd7 9. Bg5 Ne4 10. Nxe4 dxe4 11. Bxe7 Qxe7 12. Qc2 f5 13. Rfd1 Nxe5 14. dxe5
Rad8 15. Rac1 Qc5 16. Qc3 a5 17. e3 Qe7 18. h4 Rd7 19. Rxd7 Qxd7 20. c5 Bd5 21.
cxb6 cxb6 22. Qd4 Qb7 23. b3 h6 24. Bf1 Rf7 25. Bc4 Rc7 26. Rc3 Bxc4 27. Qd8+
Kh7 28. Rxc4 Rxc4 29. bxc4 Qc6 30. h5 b5 31. cxb5 Qxb5 32. Qe7 Qxe5 33. Qe8 Qf6
34. Qa4 Qd8 35. Qb3 Qd7 36. Kg2 a4 37. Qc4 a3 38. Qb4 Qd5 39. Qxa3 f4 40. gxf4
Qxh5 41. Qb4 Qg6+ 42. Kh2 Qh5+ 43. Kg2 Qf5 44. Qe7 Qg4+ 45. Kh2 Qe2 46. Qxe6
Qxf2+ 47. Kh1 Qxe3 48. Qf5+ Kg8 49. Qc8+ Kf7 50. Qd7+ Kf6 51. Qd6+ Kf5 52. Qe5+
Kg4 53. Qxg7+ Kf3 54. Qg2+ Kxf4 55. Qh2+ Kg4 56. Qc2 Qd3 57. Qc8+ Kg3 58. Qg8+
Kf2 59. Qg1+ Ke2 60. Qh2+ Kd1 61. Qg1+ Kc2 62. Qh2+ Qd2 63. Qc7+ Kd1 64. Qb7 e3
65. Qb1+ Qc1 66. Qd3+ Ke1 67. Kg1 e2 68. a4 Qg5+ 69. Kh2 Qf4+ 70. Kg2 Qg4+ 0-1

[Event "SR 3. liga A2 2013/2014"]
[Site "?"]
[Date "2014.01.19"]
[Round "7.1"]
[White "Vegh, Vince"]
[Black "Slobodnik, Michal"]
[Result "0-1"]
[WhiteElo "1938"]
[BlackElo "1891"]
[PlyCount "66"]
[EventDate "2013.??.??"]

1. e4 Nf6 2. e5 Nd5 3. c4 Nb6 4. d4 d6 5. f4 dxe5 6. fxe5 g6 7. Nf3 Bg4 8. Be3
Bg7 9. b3 c5 10. Be2 Nc6 11. O-O cxd4 12. Bf4 d3 13. Bxd3 Nxe5 14. Bxe5 Bxe5
15. h3 Bxf3 16. Qxf3 O-O 17. Nc3 Bxc3 18. Rad1 Bd4+ 19. Kh1 e5 20. Qxb7 Nd7 21.
Qf3 a5 22. Be4 Ra6 23. Qe2 f5 24. Bb1 Nc5 25. Bc2 Qa8 26. a3 Raf6 27. b4 Ne4
28. Bxe4 Qxe4 29. Qa2 axb4 30. axb4 Ra8 31. Qb3 Rfa6 32. Rfe1 Ra3 33. Qb1 Rxh3#
0-1

[Event "SR 3. liga A2 2013/2014"]
[Site "?"]
[Date "2014.01.19"]
[Round "7.1"]
[White "Kozinka, Jan"]
[Black "Csefalvay, Stefan"]
[Result "1/2-1/2"]
[WhiteElo "1809"]
[BlackElo "1852"]
[PlyCount "136"]
[EventDate "2013.??.??"]

1. e4 b6 2. d4 Bb7 3. Bd3 e6 4. Ne2 Nf6 5. Ng3 c5 6. Be3 cxd4 7. Bxd4 Nc6 8.
Bc3 d5 9. O-O d4 10. Bd2 Nb4 11. Bb5+ Nc6 12. Bg5 h6 13. Bxf6 Qxf6 14. Nd2 Bc5
15. Qf3 Qxf3 16. Nxf3 O-O 17. a3 a5 18. Rfe1 Ne7 19. Rad1 Rad8 20. Ne5 Bc8 21.
Rd3 f6 22. Nc6 Nxc6 23. Bxc6 e5 24. h3 Be6 25. Bb5 g6 26. Kf1 Kg7 27. Ke2 h5
28. f3 Be7 29. Red1 Rc8 30. c3 dxc3 31. Rxc3 Rxc3 32. bxc3 Bxa3 33. Rd3 Kf7 34.
Kd2 Ke7 35. Kc2 Rc8 36. Ne2 f5 37. c4 Bb4 38. Kb3 fxe4 39. fxe4 Rf8 40. Rg3 Rf6
41. Nc3 Bxc3 42. Kxc3 Bf7 43. Rd3 h4 44. Rd7+ Kf8 45. Rd2 Kg7 46. Kb3 Kh6 47.
Ka4 Rf4 48. Re2 g5 49. Kb3 Kh5 50. Bd7 Kh6 51. Bg4 Bh5 52. Bxh5 Kxh5 53. Ka4 g4
54. hxg4+ Kxg4 55. Kb5 Rf6 56. Re3 Rf2 57. Kxb6 Rxg2 58. c5 Rc2 59. c6 h3 60.
Re1 h2 61. c7 a4 62. Kb7 Kg3 63. c8=Q Rxc8 64. Kxc8 Kf2 65. Ra1 Kg3 66. Kd7 Kg2
67. Ra2+ Kg3 68. Ra3+ Kg2 1/2-1/2

[Event "SR 3. liga A2 2013/2014"]
[Site "?"]
[Date "2014.01.19"]
[Round "7.1"]
[White "Vizvari, Ludovit"]
[Black "Horecky, Peter"]
[Result "0-1"]
[WhiteElo "1996"]
[BlackElo "1697"]
[PlyCount "40"]
[EventDate "2013.??.??"]

1. d4 Nf6 2. c4 g6 3. Nc3 Bg7 4. e4 d6 5. Nf3 O-O 6. Bd3 Nbd7 7. O-O e5 8. d5
Nc5 9. Bc2 a5 10. h3 Nh5 11. Be3 b6 12. a3 f5 13. exf5 Bxf5 14. Bxf5 gxf5 15.
Nxe5 Qe8 16. Nf3 f4 17. Bd4 Qg6 18. Bxg7 Nxg7 19. Qd2 Nb3 20. Qd4 Nxd4 0-1

[Event "SR 3. liga A2 2013/2014"]
[Site "?"]
[Date "2014.01.19"]
[Round "7.1"]
[White "Rau, Vladimir"]
[Black "Kahancova, Jana"]
[Result "0-1"]
[WhiteElo "1637"]
[BlackElo "1652"]
[PlyCount "100"]
[EventDate "2013.??.??"]

1. d4 d5 2. c4 Nf6 3. Nc3 c6 4. e3 Bf5 5. Nf3 e6 6. Be2 h6 7. O-O Be7 8. b3
Nbd7 9. Bb2 Ne4 10. Nxe4 Bxe4 11. Bd3 Nf6 12. c5 b6 13. Rc1 Qd7 14. Ne5 Qb7 15.
cxb6 axb6 16. a4 Rc8 17. Nxc6 Bxd3 18. Qxd3 Rxc6 19. Qb5 Kd7 20. Rc2 Rhc8 21.
Rfc1 Ne4 22. a5 Nd6 23. Qd3 Rxc2 24. Rxc2 Rxc2 25. Qxc2 bxa5 26. g3 Ne4 27. Qd3
a4 28. f3 Nf6 29. bxa4 Qxb2 30. Qa6 Qc1+ 31. Kf2 Qd2+ 32. Kf1 Qc3 33. Qb5+ Qc6
34. Qa5 Bd8 35. Qa7+ Bc7 36. a5 Qc1+ 37. Kf2 Qb2+ 38. Kf1 Qa1+ 39. Kf2 Qxa5 40.
Qb7 Qd2+ 41. Kf1 Qxe3 42. Qb5+ Kd8 43. Qb4 Qxf3+ 44. Ke1 Nd7 45. Qa4 Qh1+ 46.
Kd2 Qxh2+ 47. Kc3 Qxg3+ 48. Kb4 Bd6+ 49. Ka5 Qc3+ 50. Ka6 Qc4+ 0-1

[Event "SR 3. liga A2 2013/2014"]
[Site "?"]
[Date "2014.01.19"]
[Round "7.1"]
[White "Bogi, Timea"]
[Black "Vagovic, Milan"]
[Result "0-1"]
[WhiteElo "1589"]
[BlackElo "1702"]
[PlyCount "120"]
[EventDate "2013.??.??"]

1. e4 c5 2. Nf3 e6 3. d4 cxd4 4. Nxd4 Nc6 5. Nxc6 bxc6 6. b3 Bc5 7. Qf3 Qf6 8.
Qxf6 Nxf6 9. Bd3 O-O 10. Bb2 Be7 11. O-O Bb7 12. e5 Nd5 13. a3 Nf4 14. Be4 f5
15. Bf3 Ng6 16. Nd2 Rab8 17. Rfd1 Rfd8 18. Nc4 Ba6 19. Nd6 Nh4 20. Rd2 Nxf3+
21. gxf3 Bg5 22. Rd4 Be7 23. Ra4 Be2 24. Rxa7 Bxd6 25. exd6 Bxf3 26. a4 Be4 27.
Rc1 Kf7 28. Bd4 g6 29. a5 Ke8 30. Bb6 Rdc8 31. b4 Ra8 32. Kf1 Rxa7 33. Bxa7 Ra8
34. Bc5 g5 35. Ke2 g4 36. c3 h5 37. Rg1 Kf7 38. Ra1 e5 39. c4 Ke6 40. a6 h4 41.
a7 f4 42. Rg1 Bf3+ 43. Kd3 h3 44. b5 cxb5 45. cxb5 Kd5 46. Rc1 g3 47. fxg3 fxg3
48. Bg1 gxh2 49. Bxh2 Rxa7 50. Rc7 Ra3+ 51. Rc3 Rxc3+ 52. Kxc3 Kxd6 53. Kb4 Kd5
54. b6 Ke6 55. Kc3 Bc6 56. Kd3 d5 57. Ke3 d4+ 58. Kd3 Kd5 59. Ke2 e4 60. Kd2
Kc4 0-1

[Event "SR 3. liga A2 2013/2014"]
[Site "?"]
[Date "2014.01.19"]
[Round "7.1"]
[White "Bango, Dominik"]
[Black "Korosi, Gejza"]
[Result "1-0"]
[WhiteElo "1498"]
[BlackElo "1518"]
[PlyCount "118"]
[EventDate "2013.??.??"]

1. e4 e5 2. Nf3 d6 3. Bc4 h6 4. Nc3 Nf6 5. O-O c5 6. h3 Be7 7. d3 O-O 8. Nd5
Nxd5 9. Bxd5 Qc7 10. Be3 Be6 11. Bxe6 fxe6 12. c3 Nc6 13. Qb3 Qc8 14. Rac1 b6
15. d4 exd4 16. cxd4 Kh8 17. Rfd1 e5 18. dxe5 Nxe5 19. Nxe5 dxe5 20. Qc3 Bf6
21. b4 cxb4 22. Qxb4 Qb7 23. Rc2 Rfc8 24. Rcd2 Qe7 25. Qxe7 Bxe7 26. Rd7 Rd8
27. R1d5 Rxd7 28. Rxd7 Bf6 29. Rd6 Kg8 30. Bxh6 gxh6 31. Rxf6 Kg7 32. Re6 b5
33. Rxe5 a6 34. Kf1 Kf6 35. Rd5 Ke6 36. f3 b4 37. Ke2 a5 38. Rb5 Kd6 39. Kd3
Kc6 40. Kc4 Ra7 41. f4 Kd7 42. Kb3 Kc6 43. Rh5 Kb6 44. a3 a4+ 45. Kxb4 Kc7 46.
Rxh6 Rb7+ 47. Kxa4 Rb2 48. g4 Rd2 49. Kb5 Rd4 50. Re6 Rd3 51. g5 Rxh3 52. g6
Rxa3 53. g7 Ra8 54. f5 Kd7 55. Rh6 Rg8 56. f6 Ke6 57. Rh8 Kf7 58. Rxg8 Kxg8 59.
Kc6 Kf7 1-0

[Event "SR 3. liga A2 2013/2014"]
[Site "?"]
[Date "2014.01.19"]
[Round "7.2"]
[White "Bisco, Igor"]
[Black "Doucha, Ludvik"]
[Result "1-0"]
[WhiteElo "2086"]
[BlackElo "2039"]
[PlyCount "63"]
[EventDate "2013.??.??"]

1. e4 e5 2. Nf3 d6 3. Bc4 c5 4. O-O Be7 5. c3 Nf6 6. d3 O-O 7. Re1 Nc6 8. a4
Qc7 9. Nbd2 h6 10. Nf1 Re8 11. Ng3 Bf8 12. Be3 g6 13. h3 Bg7 14. Qd2 Kh7 15.
Nh2 Re7 16. Rf1 Na5 17. Ba2 c4 18. f4 Bd7 19. f5 Bxa4 20. Ng4 Nxg4 21. hxg4 Rd7
22. f6 Bf8 23. g5 d5 24. d4 exd4 25. Bxd4 Qxg3 26. e5 Nb3 27. Bxb3 Bxb3 28. Rf3
Qxg5 29. Qxg5 hxg5 30. Rh3+ Kg8 31. Kf2 g4 32. Rh2 1-0

[Event "SR 3. liga A2 2013/2014"]
[Site "?"]
[Date "2014.01.19"]
[Round "7.2"]
[White "Sturdik, Igor"]
[Black "Slamena, Michal"]
[Result "0-1"]
[WhiteElo "2017"]
[BlackElo "1991"]
[PlyCount "95"]
[EventDate "2013.??.??"]

1. e4 e5 2. Nf3 Nc6 3. d4 exd4 4. Bc4 Nf6 5. O-O Bc5 6. e5 d5 7. exf6 dxc4 8.
Re1+ Be6 9. Ng5 Qd5 10. fxg7 Rg8 11. Nc3 Qf5 12. Nce4 O-O-O 13. Nxc5 Qxc5 14.
Nxe6 fxe6 15. Qg4 Qf5 16. Re4 Qxg4 17. Rxg4 Nb4 18. Bh6 e5 19. c3 Rd6 20. Bd2
Nc2 21. Rc1 d3 22. Rxc4 Rxg7 23. Re4 Rd5 24. c4 Rd4 25. Rxe5 Rxc4 26. Rd5 Rd7
27. Rxd7 Kxd7 28. Bc3 Rc5 29. Rd1 Rd5 30. g4 c5 31. Kg2 b5 32. Kf3 b4 33. Bf6
Ke6 34. g5 Kf5 35. b3 a5 36. h4 a4 37. Rd2 Ne1+ 38. Ke3 Ng2+ 39. Kf3 Nxh4+ 40.
Ke3 Ng2+ 41. Kf3 Ne1+ 42. Ke3 Nc2+ 43. Kf3 axb3 44. axb3 Nd4+ 45. Ke3 Nc2+ 46.
Kf3 Na3 47. Ke3 c4 48. Be7 0-1

[Event "SR 3. liga A2 2013/2014"]
[Site "?"]
[Date "2014.01.19"]
[Round "7.2"]
[White "Drgon, Matus"]
[Black "Lukacovic, Miroslav"]
[Result "1-0"]
[WhiteElo "1712"]
[BlackElo "2003"]
[PlyCount "85"]
[EventDate "2013.??.??"]

1. d4 d5 2. c4 e5 3. dxe5 d4 4. Nf3 Nc6 5. Bg5 Be7 6. Bxe7 Ngxe7 7. Nbd2 Ng6 8.
Nb3 Be6 9. Nbxd4 Bxc4 10. Nxc6 bxc6 11. e3 Qxd1+ 12. Kxd1 Bd5 13. Bd3 Bxf3+ 14.
gxf3 Nxe5 15. Be4 Ke7 16. Kc2 Rab8 17. b3 c5 18. Rac1 Rb5 19. f4 Nd7 20. Rhd1
Nf6 21. Bc6 Ra5 22. a4 Rd8 23. Bb5 a6 24. Rxd8 Kxd8 25. Rd1+ Ke7 26. Bc4 Ne8
27. Kd3 Nd6 28. Rg1 g6 29. h4 Nf5 30. h5 Nd6 31. hxg6 hxg6 32. e4 Kf8 33. Rg5
Ke7 34. f5 Kf6 35. fxg6 fxg6 36. f4 Nf7 37. Bxf7 Kxf7 38. Kc4 Kf6 39. e5+ Kf7
40. e6+ Kxe6 41. Rxg6+ Kf5 42. Rc6 Kxf4 43. Rxc7 1-0

[Event "SR 3. liga A2 2013/2014"]
[Site "?"]
[Date "2014.01.19"]
[Round "7.2"]
[White "Kolenak, Matus"]
[Black "Barca, Michal"]
[Result "1-0"]
[WhiteElo "1949"]
[BlackElo "1807"]
[PlyCount "99"]
[EventDate "2013.??.??"]

1. e4 d5 2. exd5 Qxd5 3. Nf3 Nf6 4. Be2 g6 5. O-O Bg7 6. c4 Qd8 7. d4 O-O 8.
Nc3 b6 9. d5 c6 10. dxc6 Nxc6 11. Qa4 Bd7 12. Rd1 Nh5 13. Qa3 Re8 14. Be3 Qc8
15. c5 bxc5 16. Ba6 Qd8 17. Qxc5 Rb8 18. Rd2 Nf6 19. Rad1 Qa5 20. Qxa5 Nxa5 21.
Rxd7 Nxd7 22. Rxd7 Rxb2 23. Nd5 Rxa2 24. Nxe7+ Kh8 25. Rxa7 h6 26. h3 h5 27.
Nd5 Nc6 28. Bb5 Nxa7 29. Bxe8 Kg8 30. Ng5 Ra1+ 31. Kh2 Be5+ 32. f4 f6 33. fxe5
fxg5 34. e6 Nc8 35. Bf7+ Kh7 36. Bxg5 Ra5 37. e7 Nxe7 38. Bxe7 Kg7 39. Be6 Ra6
40. Nf4 Kh6 41. h4 Kg7 42. Bg5 Rd6 43. Bc4 Kh7 44. Bd3 Rxd3 45. Nxd3 Kg7 46.
Kg3 Kf7 47. Kf4 Kg7 48. Ke5 Kf7 49. Nf4 Kg7 50. Ke6 1-0

[Event "SR 3. liga A2 2013/2014"]
[Site "?"]
[Date "2014.01.19"]
[Round "7.2"]
[White "Janas, Peter"]
[Black "Krist, Milan"]
[Result "1-0"]
[WhiteElo "1707"]
[BlackElo "1946"]
[PlyCount "115"]
[EventDate "2013.??.??"]

1. Nf3 d5 2. d4 Nf6 3. g3 e6 4. Bg2 Be7 5. O-O O-O 6. Nbd2 Nbd7 7. c3 c5 8.
dxc5 Nxc5 9. b4 Nce4 10. Nxe4 Nxe4 11. Bb2 Bf6 12. Nd4 Nd6 13. Rc1 Nc4 14. Ba1
e5 15. Nb3 e4 16. e3 b6 17. Nd2 Ne5 18. c4 Nd3 19. Bxf6 gxf6 20. Rb1 f5 21.
cxd5 Ne5 22. Nb3 Ba6 23. Re1 Bd3 24. Ra1 Qxd5 25. Nd4 Qd7 26. Qh5 Ng6 27. Nxf5
Qd8 28. Bh3 Qf6 29. Rac1 Rad8 30. Rc7 Kh8 31. Nd4 Rxd4 32. exd4 Qxd4 33. a3 Kg7
34. Qg5 Qb2 35. Rxa7 Qc3 36. Rc1 Qb2 37. Qe3 Ne5 38. Bg2 Kh8 39. Qe1 Ng4 40.
Qc3+ Qxc3 41. Rxc3 b5 42. Re7 Nf6 43. Rc1 Kg7 44. Ra7 Kg6 45. h3 Re8 46. Bf1
Bxf1 47. Kxf1 e3 48. fxe3 Rxe3 49. Kf2 Rb3 50. Ra6 Kg7 51. Rg1 Ne4+ 52. Ke2 f5
53. Rc1 Nxg3+ 54. Ke1 Re3+ 55. Kf2 f4 56. Rc7+ Kf8 57. Ra8+ Re8 58. Rxe8+ 1-0

[Event "SR 3. liga A2 2013/2014"]
[Site "?"]
[Date "2014.01.19"]
[Round "7.2"]
[White "Mosny, Jaroslav"]
[Black "Tupy, Bystrik"]
[Result "1-0"]
[WhiteElo "1916"]
[BlackElo "1798"]
[PlyCount "125"]
[EventDate "2013.??.??"]

1. d4 d5 2. Nf3 Nc6 3. Bf4 Bg4 4. Nbd2 e6 5. g3 Nf6 6. Bg2 Bd6 7. Bxd6 Qxd6 8.
O-O O-O-O 9. c4 dxc4 10. Nxc4 Qd7 11. Qa4 Nd5 12. Rac1 Kb8 13. Rfd1 f6 14. Na5
Nxa5 15. Qxa5 Qd6 16. Rc4 Qb6 17. Qd2 c6 18. e4 Ne7 19. Qf4+ e5 20. Qxg4 g6 21.
Qe6 Rhe8 22. Qxf6 exd4 23. Rcxd4 Rxd4 24. Qxd4 Qxd4 25. Rxd4 Nc8 26. Ng5 h6 27.
Nf7 h5 28. f4 Kc7 29. e5 Ne7 30. Be4 Nf5 31. Bxf5 gxf5 32. Nh6 Rf8 33. Kf2 c5
34. Rd6 b5 35. Kf3 a5 36. h3 c4 37. Ke3 Kb7 38. Kd4 Rc8 39. Nxf5 b4 40. Rd5 Kb6
41. Nd6 Rg8 42. Nxc4+ Ka6 43. Rxa5+ Kb7 44. g4 hxg4 45. hxg4 Rxg4 46. Ke4 Kc7
47. Ne3 Rh4 48. Rb5 Kd7 49. Rxb4 Kc6 50. Rc4+ Kd7 51. Kd5 Rh2 52. Rc2 Rh3 53.
Ke4 Rh4 54. b4 Rh6 55. b5 Rh8 56. Kd5 Ra8 57. f5 Ra5 58. Kc5 Ra3 59. Nc4 Rf3
60. Rd2+ Kc7 61. f6 Rf5 62. b6+ Kb8 63. Kc6 1-0

[Event "SR 3. liga A2 2013/2014"]
[Site "?"]
[Date "2014.01.19"]
[Round "7.2"]
[White "Cebo, Vladimir"]
[Black "Hagara, Vladimir"]
[Result "1/2-1/2"]
[WhiteElo "1642"]
[BlackElo "1873"]
[PlyCount "107"]
[EventDate "2013.??.??"]

1. c4 c5 2. Nc3 Nc6 3. Nf3 g6 4. e3 Bg7 5. Be2 Nf6 6. d4 cxd4 7. exd4 d5 8. O-O
O-O 9. h3 a6 10. Be3 dxc4 11. Bxc4 b5 12. Be2 Bb7 13. Qd2 Re8 14. a3 Na5 15.
Rad1 Rc8 16. b4 Nc4 17. Bxc4 Rxc4 18. Ne5 Rc8 19. Nd3 Nd5 20. Nc5 Nxc3 21. Qxc3
Qd5 22. f3 Rc6 23. Qd2 Bc8 24. Qf2 Bf5 25. Rd2 Bd7 26. Rfd1 Ra8 27. Qh4 Bf6 28.
Qe4 Qxe4 29. fxe4 Be8 30. e5 Bg7 31. Bf4 e6 32. d5 exd5 33. Rxd5 Rcc8 34. Rd6
a5 35. bxa5 Rxa5 36. Ra6 Rxa6 37. Nxa6 Bf8 38. Nb4 Ra8 39. Rd3 Be7 40. Kf2 Rd8
41. Bc1 Rxd3 42. Nxd3 Bc6 43. g3 Be4 44. Ke3 Bg2 45. h4 Kf8 46. Kd4 Ke8 47. Nf4
Bf3 48. Nd5 Bxd5 49. Kxd5 Kd7 50. Bb2 h5 51. Bc1 Bf8 52. Bb2 Be7 53. Bc1 Bf8
54. Bb2 1/2-1/2

[Event "SR 3. liga A2 2013/2014"]
[Site "?"]
[Date "2014.01.19"]
[Round "7.3"]
[White "Horak, Ivan"]
[Black "Danada, Tomas"]
[Result "1/2-1/2"]
[WhiteElo "2070"]
[BlackElo "2099"]
[PlyCount "109"]
[EventDate "2013.??.??"]

1. e4 c6 2. c4 e5 3. Nc3 Nf6 4. Nf3 d6 5. d4 Nbd7 6. Be2 Be7 7. O-O Qc7 8. Re1
Nf8 9. Be3 Ng6 10. Qd2 Ng4 11. Rad1 O-O 12. b3 a6 13. d5 c5 14. Bd3 Bd7 15. Bg5
Bxg5 16. Qxg5 Nf4 17. Bf1 f6 18. Qh4 g5 19. Qg3 Rf7 20. Nd2 h5 21. h3 h4 22.
Qf3 Nh6 23. Ne2 Ng6 24. g4 hxg3 25. fxg3 Kg7 26. g4 Rh8 27. Ng3 Nf4 28. Re3 Qa5
29. a4 Kf8 30. Nf5 Nxf5 31. exf5 Rfh7 32. Ne4 Ke7 33. Nf2 b5 34. axb5 axb5 35.
Qe4 b4 36. Ree1 Ra8 37. Qe3 Qa3 38. Rb1 Qa2 39. Nd3 Kf7 40. Nxf4 gxf4 41. Qe4
Qd2 42. Red1 Qc3 43. Qd3 Qd4+ 44. Qxd4 cxd4 45. Ra1 Rhh8 46. Kf2 Ra3 47. Rxa3
bxa3 48. Ra1 Ra8 49. Ra2 e4 50. Ke2 Ke7 51. Bg2 Rh8 52. Bf1 Ra8 53. Bg2 Rh8 54.
Bf1 Ra8 55. Bg2 1/2-1/2

[Event "SR 3. liga A2 2013/2014"]
[Site "?"]
[Date "2014.01.19"]
[Round "7.3"]
[White "Spacek, Oliver"]
[Black "Sefcik, Marek"]
[Result "0-1"]
[WhiteElo "2041"]
[BlackElo "2030"]
[PlyCount "71"]
[EventDate "2013.??.??"]

1. d4 Nc6 2. Nf3 d6 3. e4 Bg4 4. Bb5 a6 5. Bxc6+ bxc6 6. O-O d5 7. h3 Bxf3 8.
Qxf3 e6 9. c3 Nf6 10. e5 Nd7 11. c4 Nb6 12. c5 Nc8 13. Qg4 h5 14. Qe2 g6 15.
Nc3 Qh4 16. Be3 Ne7 17. Kh2 Nf5 18. Rad1 Bh6 19. Bxh6 Nxh6 20. g3 Qg5 21. Rd3
Nf5 22. Qc2 Kd7 23. Ne2 Rhb8 24. Rfd1 Qd8 25. Rb3 Rb5 26. a4 Rxb3 27. Qxb3 Rb8
28. Qc3 a5 29. Qxa5 Rxb2 30. Rd2 Qb8 31. Qc3 Rb3 32. Qa1 Qb4 33. Qd1 Rb1 34.
Qc2 Ra1 35. Rd1 Rxa4 36. Rd2 0-1

[Event "SR 3. liga A2 2013/2014"]
[Site "?"]
[Date "2014.01.19"]
[Round "7.3"]
[White "Chabada, Tomas"]
[Black "Diviak, Rastislav"]
[Result "0-1"]
[WhiteElo "1972"]
[BlackElo "1998"]
[PlyCount "52"]
[EventDate "2013.??.??"]

1. e4 d6 2. d4 Nf6 3. Nc3 g6 4. Be3 Bg7 5. Qd2 c6 6. f3 Nbd7 7. O-O-O Qa5 8.
Kb1 b5 9. Bh6 Bxh6 10. Qxh6 b4 11. Nce2 Qb6 12. g4 a5 13. g5 Nh5 14. Ng3 Nf4
15. N1e2 Nxe2 16. Bxe2 a4 17. e5 b3 18. cxb3 axb3 19. a3 dxe5 20. Qg7 Rf8 21.
Ne4 Ra5 22. Rhe1 Rd5 23. dxe5 Nc5 24. Rxd5 cxd5 25. Nxc5 Qxc5 26. Rc1 Bf5+ 0-1

[Event "SR 3. liga A2 2013/2014"]
[Site "?"]
[Date "2014.01.19"]
[Round "7.3"]
[White "Pericka, Tomas"]
[Black "Kovarik, Oto"]
[Result "1-0"]
[WhiteElo "1994"]
[BlackElo "1925"]
[PlyCount "83"]
[EventDate "2013.??.??"]

1. e4 c5 2. Nf3 e6 3. Nc3 Nc6 4. Bb5 Nd4 5. Nxd4 cxd4 6. Ne2 a6 7. Ba4 b5 8.
Bb3 e5 9. O-O Bc5 10. d3 Nf6 11. f4 d6 12. fxe5 dxe5 13. Bg5 Be7 14. Ng3 h6 15.
Bxf6 Bxf6 16. Nh5 Be6 17. Nxf6+ gxf6 18. Qf3 O-O 19. Qh5 Kh7 20. Rf3 Rg8 21.
Bxe6 fxe6 22. Qf7+ Rg7 23. Qxe6 Qg8 24. Qf5+ Rg6 25. Rg3 Qf7 26. Rf1 Rf8 27.
Rff3 Rfg8 28. Rxg6 Rxg6 29. Rg3 Kg7 30. Rxg6+ Qxg6 31. Qxg6+ Kxg6 32. Kf2 b4
33. Kg3 a5 34. a3 h5 35. axb4 axb4 36. b3 f5 37. exf5+ Kxf5 38. Kf3 h4 39. g4+
Ke6 40. Ke4 Kf6 41. h3 Ke6 42. g5 1-0

[Event "SR 3. liga A2 2013/2014"]
[Site "?"]
[Date "2014.01.19"]
[Round "7.3"]
[White "Bilovsky, Milan"]
[Black "Nemeckay, Rastislav"]
[Result "1/2-1/2"]
[WhiteElo "1912"]
[BlackElo "1986"]
[PlyCount "30"]
[EventDate "2013.??.??"]

1. e4 e5 2. Nf3 Nf6 3. d3 Nc6 4. c4 d6 5. Nc3 Bg4 6. Be2 Be7 7. Be3 O-O 8. h3
Bxf3 9. Bxf3 Nd4 10. Bxd4 exd4 11. Ne2 c5 12. O-O Rb8 13. a4 a6 14. Qc2 Nd7 15.
Nf4 Bg5 1/2-1/2

[Event "SR 3. liga A2 2013/2014"]
[Site "?"]
[Date "2014.01.19"]
[Round "7.3"]
[White "Spacek, Marcel"]
[Black "Husek, Lubomir"]
[Result "0-1"]
[WhiteElo "1818"]
[BlackElo "1829"]
[PlyCount "66"]
[EventDate "2013.??.??"]

1. d4 d5 2. c4 c6 3. Nf3 Nf6 4. Nc3 e6 5. b3 Nbd7 6. Bb2 Bd6 7. Qc2 O-O 8. e3
Re8 9. Bd3 e5 10. cxd5 cxd5 11. dxe5 Nxe5 12. Bb5 Bd7 13. Bxd7 Qxd7 14. Nd4 Bf8
15. O-O Rac8 16. Qe2 a6 17. Rfd1 Qd6 18. Nf3 Nc6 19. Rd2 Qe6 20. Rad1 Rcd8 21.
Qd3 Ne4 22. Rc2 Nb4 23. Qe2 Nxc2 24. Qxc2 Rc8 25. Qd3 Nxc3 26. Bxc3 Qe4 27. Qd2
Rc6 28. Nd4 Rg6 29. g3 h5 30. Re1 h4 31. f3 Qe5 32. g4 Bc5 33. Nf5 Qxf5 0-1

[Event "SR 3. liga A2 2013/2014"]
[Site "?"]
[Date "2014.01.19"]
[Round "7.3"]
[White "Hrubos, Milan"]
[Black "Ocko, Martin"]
[Result "0-1"]
[WhiteElo "1772"]
[BlackElo "1736"]
[PlyCount "90"]
[EventDate "2013.??.??"]

1. e4 c5 2. Nf3 Nc6 3. d4 cxd4 4. Nxd4 g6 5. Nc3 Bg7 6. Be3 Nf6 7. Bc4 O-O 8.
f3 a6 9. Qd2 b5 10. Bb3 Bb7 11. h4 Na5 12. h5 Nxb3 13. Nxb3 Nxh5 14. Rxh5 gxh5
15. Bh6 Qb6 16. Be3 Qc7 17. O-O-O b4 18. Ne2 Rfc8 19. Nf4 Bh6 20. Nd5 Bxe3 21.
Nxe3 e6 22. Rh1 a5 23. Kb1 a4 24. Nc1 a3 25. Qxb4 axb2 26. Kxb2 Qa5 27. Qxa5
Rxa5 28. Nb3 Rg5 29. g4 hxg4 30. Nxg4 Kg7 31. Ne3 Rg3 32. Nd2 d5 33. exd5 Bxd5
34. Rf1 Rb8+ 35. Ka1 h5 36. c4 Bc6 37. a3 h4 38. Ng4 Bxf3 39. Ne5 Bh5 40. Ka2
Rg2 41. c5 Rxd2+ 42. Ka1 Rd1+ 43. Rxd1 Bxd1 44. Nd7 Rc8 45. Kb2 h3 0-1

[Event "SR 3. liga A2 2013/2014"]
[Site "?"]
[Date "2014.01.19"]
[Round "7.3"]
[White "Pipiska, Adam"]
[Black "Klimes, Karel"]
[Result "1-0"]
[WhiteElo "1737"]
[BlackElo "1651"]
[PlyCount "45"]
[EventDate "2013.??.??"]

1. e4 e5 2. Nf3 Nc6 3. d4 exd4 4. Bc4 Be7 5. Nxd4 d6 6. Nxc6 bxc6 7. Qh5 g6 8.
Qf3 Nf6 9. Bh6 Bf8 10. Bxf8 Kxf8 11. O-O Kg7 12. e5 dxe5 13. Qxc6 Rb8 14. Qc5
Bf5 15. Bb3 Qd4 16. Qxc7 Rxb3 17. axb3 Qxb2 18. Rxa7 Be6 19. Nd2 Rc8 20. Qd6
Qd4 21. Qxe6 Qxa7 22. Qxc8 Qd4 23. Nf3 1-0